Stolice w losowych kwadratach na mapie świata - Statystyki

Ogólne statystyki
  • Ten quiz został rozwiązany 150 razy
  • Średni wynik to 10 z 15
Odpowiedzi na mapie
Odpowiedzi zakodowano w zielono-czerwonej skali na mapie do tego quizu, zgodnie z poniższymi procentami.
 
Statystyki odpowiedzi
Box % Poprawnych
Lizbona | Madryt | Andora | Paryż | Luksemburg | Bruksela | Berno | Vaduz | Monako
100%
Meksyk | Gwatemala | San Salvador
100%
Rzym | Watykan | San Marino | Ateny | Belgrad | Bratysława | Wiedeń | Lublana | Kiszyniów | Kijów | Bukareszt | Skopje | Podgorica | Prisztina | Budapeszt | Praga | Zagrzeb | Sofia | Sarajewo | Tirana
97%
Dublin | Londyn | Amsterdam | Oslo
96%
Moskwa
94%
Reykjavík
94%
Sztokholm | Helsinki | Tallinn | Ryga | Wilno | Mińsk | Warszawa | Berlin | Kopenhaga
94%
Valletta | Trypolis
92%
Kijów | Ankara | Tbilisi | Erywań | Baku
90%
San José | Panama | Bogota | Quito
90%
Nikozja | Kair | Bejrut | Jerozolima | Amman | Damaszek | Bagdad | Kuwejt | Rijad | Manama
89%
Waszyngton | Ottawa
89%
Buenos Aires | Montevideo
88%
Islamabad | Nowe Delhi | Katmandu | Thimphu
88%
Rabat | Tunis | Algier
88%
San Salvador | Belmopan | Tegucigalpa | Managua | Kingston | Hawana | Port-au-Prince | Santo Domingo
88%
Wellington
88%
Lima
87%
Ułan Bator
84%
Windhuk | Pretoria | Bloemfontein | Maseru | Mbabane | Gaborone | Harare
83%
Brasília
82%
Harare | Mbabane | Maputo | Antananarywa
81%
Hanoi | Wientian | Bangkok | Naypyidaw | Phnom Penh
80%
Tokio
80%
Sri Dźajawardanapura Kotte | Male
79%
Kapsztad | Maseru
78%
Tajpej | Seul
77%
La Paz | Sucre | Asunción
75%
Pekin | Pjongjang | Seul
75%
Reykjavík
75%
Sana | Dżibuti | Asmara | Chartum
75%
Praia | Bandżul | Nawakszut | Bissau | Dakar
74%
Abu Zabi | Maskat
70%
Duszanbe | Aszchabad | Taszkent
70%
Dżakarta
70%
Canberra
69%
Caracas | Georgetown | Paramaribo | Port-of-Spain
69%
Singapur | Kuala Lumpur
69%
Nassau
68%
Nur-Sułtan | Biszkek
68%
Manila
67%
Addis Abeba | Nairobi | Dżuba | Mogadiszu | Kampala
65%
Ndżamena
65%
Santiago
65%
Teheran | Doha | Abu Zabi | Kabul
65%
Kinszasa | Brazzaville | Luanda | Gitega | Lusaka
62%
Port Moresby
60%
Jamusukro | Akra | Porto-Novo | Cotonou | Lomé | Libreville | São Tomé | Malabo | Abudża
56%
Caracas | Kingstown | Castries | Basseterre | Saint George's | Roseau | Bridgetown | Saint John’s
55%
Dodoma | Lilongwe | Moroni
54%
Niamey | Bamako | Wagadugu
53%
Dhaka
48%
Kigali | Bangi | Jaunde
47%
Port Louis
43%
Yaren | Palikir
43%
Bandar Seri Begawan
42%
Dili
41%
Nuku'alofa | Suva
39%
Victoria
38%
Tarawa | Majuro
32%
Konakry | Monrovia | Freetown
31%
Funafuti | Apia
29%
Honiara
26%
Port Vila
24%
Ngerulmud
14%
Nie znaleziono quizów pasujących do podanych kryteriów
Rozkład punktacji
Procent ludzi z każdym wynikiem
Percentyl według liczby udzielonych odpowiedzi
Twoja historia wyników
Nie rozwiązałeś tego quizu